Landmark : Teacher's book

Gardado en:
Detalles Bibliográficos
Autor Principal: Haines, Simon
Formato: Libro
Idioma:Undetermined
Publicado: Oxford Oxford University Press 2000
Những chủ đề:
Các nhãn: Engadir etiqueta
Sen Etiquetas, Sexa o primeiro en etiquetar este rexistro!
Thư viện lưu trữ: Trung tâm Học liệu Trường Đại học Cần Thơ
LEADER 00582nam a2200217Ia 4500
001 CTU_42343
008 210402s9999 xx 000 0 und d
020 |c 106000 
082 |a 428.0071 
082 |b H153ut 
100 |a Haines, Simon 
245 0 |a Landmark : 
245 0 |b Teacher's book 
245 0 |c Simon Haines, Barbara Stewart 
260 |a Oxford 
260 |b Oxford University Press 
260 |c 2000 
650 |a English language 
650 |x Textbooks for foreign speakers 
904 |i Minh, 010720 
980 |a Trung tâm Học liệu Trường Đại học Cần Thơ